[Event "DEM U12 2019"]
[Site "Willingen GER"]
[Date "2019.06.14"]
[Round "8"]
[White "Tomasjan, Samuel"]
[Black "Breitkopf-Lazar, Patrick-Robert"]
[Result "0-1"]
[Termination "normal"]
[Board "10"]
[WhiteElo "1476"]
[BlackElo "1659"]
[WhiteClock "00:01:41"]
[BlackClock "00:15:28"]
[PlyCount "82"]
[WhiteFideId "16235584"]
[BlackFideId "16213742"]
[EventCountry "GER"]
[EventRounds "9"]
[EventType "swiss"]
[EventDate "2019.06.08"]

1. e4 {[%clk 1:30:59]} 1... e5 {[%clk 1:30:54]} 2. Nf3 {[%clk 1:31:25]} 2...
Nc6 {[%clk 1:31:20]} 3. Bc4 {[%clk 1:31:50]} 3... Nf6 {[%clk 1:31:46]} 4. Ng5 {
[%clk 1:32:08]} 4... d5 {[%clk 1:32:09]} 5. exd5 {[%clk 1:32:34]} 5... Na5 {
[%clk 1:32:35]} 6. Bb5+ {[%clk 1:32:49]} 6... c6 {[%clk 1:32:58]} 7. dxc6 {
[%clk 1:33:03]} 7... bxc6 {[%clk 1:33:24]} 8. Qf3 {[%clk 1:32:16]} 8... Be7 {
[%clk 1:33:40]} 9. Bd3 {[%clk 1:26:38]} 9... h6 {[%clk 1:33:47]} 10. Ne4 {
[%clk 1:26:40]} 10... Nd5 {[%clk 1:34:08]} 11. Ng3 {[%clk 1:13:03]} 11... O-O {
[%clk 1:33:06]} 12. O-O {[%clk 1:05:14]} 12... Nb4 {[%clk 1:29:12]} 13. a3 {
[%clk 0:51:45]} 13... Nxd3 {[%clk 1:28:33]} 14. cxd3 {[%clk 0:50:42]} 14... Nb3
{[%clk 1:28:23]} 15. Ra2 {[%clk 0:50:36]} 15... Be6 {[%clk 1:28:26]} 16. Nc3 {
[%clk 0:50:21]} 16... Nxc1 {[%clk 1:28:28]} 17. Rxc1 {[%clk 0:50:36]} 17...
Bxa2 {[%clk 1:28:53]} 18. Nxa2 {[%clk 0:51:05]} 18... Qd5 {[%clk 1:28:41]} 19.
Qxd5 {[%clk 0:48:47]} 19... cxd5 {[%clk 1:29:08]} 20. Kf1 {[%clk 0:44:08]}
20... Rac8 {[%clk 1:26:10]} 21. Nf5 {[%clk 0:42:40]} 21... Rxc1+ { [%clk
1:26:00]} 22. Nxc1 {[%clk 0:43:08]} 22... Bf6 {[%clk 1:19:10]} 23. Ne3 { [%clk
0:32:09]} 23... e4 {[%clk 1:05:15]} 24. dxe4 {[%clk 0:31:29]} 24... dxe4 {[%clk
1:01:00]} 25. Nc4 {[%clk 0:31:38]} 25... Rc8 {[%clk 1:00:08]} 26. b3 { [%clk
0:31:48]} 26... a5 {[%clk 0:48:22]} 27. a4 {[%clk 0:30:37]} 27... Be7 { [%clk
0:31:03]} 28. Na2 {[%clk 0:23:03]} 28... Bb4 {[%clk 0:29:15]} 29. Nxb4 { [%clk
0:20:36]} 29... axb4 {[%clk 0:29:40]} 30. Ke2 {[%clk 0:20:26]} 30... Kf8 {[%clk
0:29:07]} 31. f3 {[%clk 0:08:38]} 31... exf3+ {[%clk 0:28:40]} 32. gxf3 {[%clk
0:09:07]} 32... Ke7 {[%clk 0:27:36]} 33. d4 {[%clk 0:09:13]} 33... f5 { [%clk
0:26:14]} 34. Kd3 {[%clk 0:04:49]} 34... g5 {[%clk 0:22:36]} 35. d5 { [%clk
0:04:08]} 35... h5 {[%clk 0:19:57]} 36. d6+ {[%clk 0:03:48]} 36... Ke6 { [%clk
0:18:02]} 37. Ke3 {[%clk 0:01:31]} 37... Rxc4 {[%clk 0:14:49]} 38. bxc4 { [%clk
0:01:32]} 38... Kxd6 {[%clk 0:15:04]} 39. Kd4 {[%clk 0:01:17]} 39... g4 { [%clk
0:15:15]} 40. f4 {[%clk 0:01:21]} 40... h4 {[%clk 0:15:23]} 41. c5+ { [%clk
0:01:41]} 41... Kc6 {[%clk 0:15:28]} 0-1

[Event "DEM U12 2019"]
[Site "Willingen GER"]
[Date "2019.06.14"]
[Round "8"]
[White "Guo, Philipp Ziming"]
[Black "Woltmann, Peter"]
[Result "1-0"]
[Termination "normal"]
[Board "11"]
[WhiteElo "1674"]
[BlackElo "1471"]
[WhiteClock "00:12:17"]
[BlackClock "01:42:33"]
[PlyCount "95"]
[WhiteFideId "16245199"]
[BlackFideId "16269349"]
[EventCountry "GER"]
[EventRounds "9"]
[EventType "swiss"]
[EventDate "2019.06.08"]

1. e4 e6 2. d4 d5 3. Nc3 Nf6 4. e5 Nfd7 5. f4 c5 6. Nf3 Be7 7. Be2 Nc6 8. Be3
Qb6 9. Na4 Qa5+ 10. Nc3 O-O 11. O-O h6 12. Qd2 cxd4 13. Nxd4 Nxd4 14. Bxd4 Bc5
15. Rad1 Bxd4+ 16. Qxd4 Qb6 17. Qxb6 Nxb6 18. Nb5 Bd7 19. Nd6 Bc6 20. Bg4 Nc4
21. Nxc4 dxc4 22. Rd4 b5 23. Rfd1 a5 24. Kf2 a4 25. a3 Rfc8 26. c3 Kf8 27. Bf3
g5 28. Bxc6 Rxc6 29. fxg5 hxg5 30. Rg4 b4 31. cxb4 c3 32. bxc3 Rxc3 33. Rg3
Rc2+ 34. Ke3 Ra2 35. Rd3 Rc8 36. Rxg5 Rcc2 37. g3 Rxh2 38. Rd8+ Ke7 39. Rgg8
Rxa3+ 40. Kf4 f6 41. Rge8+ Kf7 42. Rf8+ Kg7 43. exf6+ Kg6 44. Rd7 Rh7 45. Rg8+
Kxf6 46. Rxh7 Rb3 47. Rb8 a3 48. Ra7 1-0

[Event "DEM U12 2019"]
[Site "Willingen GER"]
[Date "2019.06.14"]
[Round "8"]
[White "Amato, Cristiano"]
[Black "Malchereck, Zion"]
[Result "1-0"]
[Termination "normal"]
[Board "12"]
[WhiteElo "1800"]
[BlackElo "1438"]
[WhiteClock "00:53:25"]
[BlackClock "00:25:18"]
[PlyCount "65"]
[WhiteFideId "12998460"]
[BlackFideId "16269233"]
[EventCountry "GER"]
[EventRounds "9"]
[EventType "swiss"]
[EventDate "2019.06.08"]

1. e4 {[%clk 1:30:56]} 1... e5 {[%clk 1:30:39]} 2. Nf3 {[%clk 1:31:21]} 2...
Nc6 {[%clk 1:31:02]} 3. Bb5 {[%clk 1:31:44]} 3... a6 {[%clk 1:31:25]} 4. Ba4 {
[%clk 1:32:11]} 4... Nf6 {[%clk 1:31:27]} 5. Qe2 {[%clk 1:32:36]} 5... b5 {
[%clk 1:31:48]} 6. Bb3 {[%clk 1:33:01]} 6... Bc5 {[%clk 1:32:13]} 7. a4 { [%clk
1:33:24]} 7... Rb8 {[%clk 1:32:36]} 8. axb5 {[%clk 1:32:37]} 8... axb5 { [%clk
1:29:47]} 9. c3 {[%clk 1:32:12]} 9... d6 {[%clk 1:29:42]} 10. O-O { [%clk
1:26:34]} 10... O-O {[%clk 1:29:59]} 11. d3 {[%clk 1:25:49]} 11... h6 { [%clk
1:30:19]} 12. Rd1 {[%clk 1:24:03]} 12... Bg4 {[%clk 1:28:15]} 13. Nbd2 { [%clk
1:22:49]} 13... b4 {[%clk 1:26:46]} 14. h3 {[%clk 1:19:08]} 14... Bh5 { [%clk
1:27:11]} 15. Bc4 {[%clk 1:17:45]} 15... Re8 {[%clk 1:25:41]} 16. Nf1 { [%clk
1:16:40]} 16... d5 {[%clk 1:25:34]} 17. exd5 {[%clk 1:15:45]} 17... Nxd5 {[%clk
1:25:51]} 18. Bd2 18... bxc3 {[%clk 1:19:11]} 19. bxc3 {[%clk 1:10:13]} 19...
Nb6 {[%clk 0:57:30]} 20. Bb5 {[%clk 1:09:21]} 20... Qf6 {[%clk 0:54:48]} 21.
Ng3 {[%clk 1:07:33]} 21... Bxf3 {[%clk 0:54:33]} 22. gxf3 {[%clk 1:07:40]}
22... Qg6 {[%clk 0:52:40]} 23. Kh2 {[%clk 1:06:29]} 23... Nd7 {[%clk 0:48:17]}
24. Bc4 {[%clk 1:04:51]} 24... Nf6 {[%clk 0:41:27]} 25. Rg1 {[%clk 1:03:54]}
25... Rb2 {[%clk 0:34:25]} 26. Ne4 {[%clk 1:02:10]} 26... Qf5 {[%clk 0:33:13]}
27. Nxc5 {[%clk 1:00:42]} 27... Nh5 {[%clk 0:32:32]} 28. Qe4 {[%clk 0:59:32]}
28... Qc8 {[%clk 0:30:29]} 29. Qg6 {[%clk 0:56:16]} 29... Rxd2 {[%clk 0:29:22]}
30. Qxf7+ {[%clk 0:54:25]} 30... Kh8 {[%clk 0:29:27]} 31. Ne4 {[%clk 0:53:28]}
31... Rb2 {[%clk 0:26:07]} 32. Qxh5 {[%clk 0:53:24]} 32... Rf8 {[%clk 0:25:18]}
33. Rg6 {[%clk 0:53:25]} 1-0

[Event "DEM U12 2019"]
[Site "Willingen GER"]
[Date "2019.06.14"]
[Round "8"]
[White "Duong, Quang Bach"]
[Black "Hänselmann, Hendrik"]
[Result "0-1"]
[Termination "normal"]
[Board "13"]
[WhiteElo "1647"]
[BlackElo "1819"]
[WhiteClock "00:54:45"]
[BlackClock "00:36:44"]
[PlyCount "40"]
[WhiteFideId "16287045"]
[BlackFideId "16232755"]
[EventCountry "GER"]
[EventRounds "9"]
[EventType "swiss"]
[EventDate "2019.06.08"]

1. e4 {[%clk 1:30:59]} 1... c5 {[%clk 1:30:58]} 2. d4 {[%clk 1:31:23]} 2...
cxd4 {[%clk 1:31:22]} 3. c3 {[%clk 1:31:48]} 3... dxc3 {[%clk 1:31:48]} 4. Nxc3
{[%clk 1:32:14]} 4... Nc6 {[%clk 1:32:12]} 5. Nf3 {[%clk 1:32:40]} 5... d6 {
[%clk 1:32:35]} 6. Bc4 {[%clk 1:33:04]} 6... a6 {[%clk 1:32:56]} 7. O-O { [%clk
1:33:29]} 7... Nf6 {[%clk 1:33:20]} 8. Qe2 {[%clk 1:33:48]} 8... Bg4 { [%clk
1:33:31]} 9. Rd1 {[%clk 1:34:11]} 9... e6 {[%clk 1:33:10]} 10. h3 { [%clk
1:33:53]} 10... Bxf3 {[%clk 1:33:21]} 11. Qxf3 {[%clk 1:34:21]} 11... Be7
{[%clk 1:31:53]} 12. Bf4 {[%clk 1:33:17]} 12... Qb8 {[%clk 1:30:11]} 13. Rac1 {
[%clk 1:31:18]} 13... O-O {[%clk 1:27:14]} 14. Be2 {[%clk 1:23:03]} 14... Ne5 {
[%clk 1:24:27]} 15. Qg3 {[%clk 1:22:09]} 15... b5 {[%clk 1:15:42]} 16. b4 {
[%clk 1:17:06]} 16... Ra7 {[%clk 1:13:34]} 17. Bg5 {[%clk 1:13:37]} 17... Rc8 {
[%clk 1:00:35]} 18. f4 {[%clk 1:12:18]} 18... Ng6 {[%clk 1:00:16]} 19. Bd3 {
[%clk 0:59:09]} 19... Rac7 {[%clk 0:55:16]} 20. Bb1 {[%clk 0:54:45]} 20... Nh5
{[%clk 0:36:44]} 0-1

[Event "DEM U12 2019"]
[Site "Willingen GER"]
[Date "2019.06.14"]
[Round "8"]
[White "Krüger, Arthur"]
[Black "Rempe, Jonas"]
[Result "1/2-1/2"]
[Termination "normal"]
[Board "14"]
[WhiteElo "1613"]
[BlackElo "1781"]
[WhiteClock "00:00:53"]
[BlackClock "00:12:47"]
[PlyCount "73"]
[WhiteFideId "16244966"]
[BlackFideId "16202406"]
[EventCountry "GER"]
[EventRounds "9"]
[EventType "swiss"]
[EventDate "2019.06.08"]

1. d4 {[%clk 1:30:47]} 1... Nf6 {[%clk 1:30:46]} 2. c4 {[%clk 1:31:02]} 2... g6
{[%clk 1:31:08]} 3. Nc3 {[%clk 1:31:02]} 3... Bg7 {[%clk 1:31:33]} 4. Nf3 {
[%clk 1:31:12]} 4... O-O {[%clk 1:31:54]} 5. g3 {[%clk 1:31:39]} 5... d6 {
[%clk 1:31:55]} 6. Bg2 {[%clk 1:31:41]} 6... Nbd7 {[%clk 1:32:16]} 7. O-O {
[%clk 1:31:50]} 7... c6 {[%clk 1:32:35]} 8. Qc2 {[%clk 1:29:52]} 8... Qc7 {
[%clk 1:32:44]} 9. e4 {[%clk 1:27:42]} 9... e5 {[%clk 1:33:03]} 10. d5 { [%clk
1:25:31]} 10... Nb6 {[%clk 1:23:30]} 11. dxc6 {[%clk 1:23:35]} 11... bxc6
{[%clk 1:22:48]} 12. b3 {[%clk 1:21:27]} 12... d5 {[%clk 1:17:34]} 13. Ba3 {
[%clk 1:16:43]} 13... Re8 {[%clk 1:16:59]} 14. exd5 {[%clk 1:11:35]} 14... cxd5
{[%clk 1:12:54]} 15. Nb5 {[%clk 1:06:27]} 15... Qc6 {[%clk 1:06:43]} 16. Nd6 {
[%clk 1:03:48]} 16... Re6 {[%clk 1:03:39]} 17. Rac1 {[%clk 0:45:39]} 17... Bd7
{[%clk 0:53:51]} 18. Ng5 {[%clk 0:34:04]} 18... Re7 {[%clk 0:49:38]} 19. cxd5 {
[%clk 0:26:48]} 19... Qxc2 {[%clk 0:48:08]} 20. Rxc2 {[%clk 0:27:06]} 20...
Nfxd5 {[%clk 0:46:33]} 21. Rd1 {[%clk 0:23:02]} 21... Be6 {[%clk 0:38:02]} 22.
Rcd2 {[%clk 0:12:26]} 22... Bh6 {[%clk 0:35:06]} 23. Nf5 {[%clk 0:05:04]} 23...
gxf5 {[%clk 0:27:49]} 24. Bxe7 {[%clk 0:04:54]} 24... Re8 {[%clk 0:27:53]} 25.
Bxd5 {[%clk 0:01:06]} 25... Nxd5 {[%clk 0:27:24]} 26. Rxd5 {[%clk 0:01:00]}
26... Bxd5 {[%clk 0:27:04]} 27. Rxd5 {[%clk 0:01:26]} 27... Rxe7 { [%clk
0:27:43]} 28. Nf3 {[%clk 0:01:43]} 28... Bg7 {[%clk 0:14:39]} 29. Nh4 { [%clk
0:01:12]} 29... f4 {[%clk 0:13:30]} 30. Nf5 {[%clk 0:01:03]} 30... Rc7 { [%clk
0:13:46]} 31. Nxg7 {[%clk 0:01:09]} 31... Kxg7 {[%clk 0:14:08]} 32. Rxe5 {[%clk
0:01:27]} 32... f3 {[%clk 0:14:14]} 33. Re1 {[%clk 0:00:37]} 33... Rc2 { [%clk
0:13:42]} 34. Ra1 {[%clk 0:00:44]} 34... Rb2 {[%clk 0:13:43]} 35. h3 { [%clk
0:00:54]} 35... a5 {[%clk 0:13:06]} 36. Kf1 {[%clk 0:00:45]} 36... Kf6 { [%clk
0:12:47]} 37. Kg1 {[%clk 0:00:53]} 1/2-1/2

[Event "DEM U12 2019"]
[Site "Willingen GER"]
[Date "2019.06.14"]
[Round "8"]
[White "Winkler, Yonathan"]
[Black "Schwartz, Oliver"]
[Result "1/2-1/2"]
[Termination "normal"]
[Board "16"]
[WhiteElo "1536"]
[BlackElo "1616"]
[PlyCount "88"]
[WhiteFideId "16266080"]
[BlackFideId "16207459"]
[EventCountry "GER"]
[EventRounds "9"]
[EventType "swiss"]
[EventDate "2019.06.08"]

1. e4 c5 2. b3 Nf6 3. Nc3 g6 4. Bb2 Bg7 5. Rb1 O-O 6. Bc4 Nc6 7. Nge2 a6 8. a4
e6 9. Ng3 d5 10. exd5 exd5 11. Be2 Re8 12. O-O b6 13. Bf3 Bb7 14. Re1 Qd7 15.
d3 Nd4 16. Rxe8+ Rxe8 17. Be2 Qd8 18. Qd2 Nd7 19. Re1 Ne5 20. Nd1 Nec6 21. Bxd4
Nxd4 22. Ne3 b5 23. axb5 axb5 24. Bd1 b4 25. Ne2 Nb5 26. Nf1 Qe7 27. Qe3 Qf8
28. Qd2 Bh6 29. f4 Qd6 30. Nfg3 Nc7 31. Rf1 d4 32. Rf2 f5 33. Nf1 Nd5 34. g3
Ne3 35. Nc1 Nxd1 36. Qxd1 Qc6 37. Re2 Qh1+ 38. Kf2 Qg2+ 39. Ke1 Rxe2+ 40. Qxe2
Qxe2+ 41. Nxe2 Bf8 42. Nd2 Kf7 43. Nc4 Ke6 44. Kf2 Be7 1/2-1/2

[Event "DEM U12 2019"]
[Site "Willingen GER"]
[Date "2019.06.14"]
[Round "8"]
[White "Müller, Maximilian"]
[Black "Hoffmann, Kay"]
[Result "1-0"]
[Termination "normal"]
[Board "17"]
[WhiteElo "1606"]
[BlackElo "1433"]
[PlyCount "99"]
[WhiteFideId "16243552"]
[BlackFideId "16227000"]
[EventCountry "GER"]
[EventRounds "9"]
[EventType "swiss"]
[EventDate "2019.06.08"]

1. d4 d5 2. Nf3 Nf6 3. e3 Bf5 4. Nbd2 e6 5. Nh4 Ne4 6. Nxf5 exf5 7. c3 Bd6 8.
Qf3 Qf6 9. Bd3 Nd7 10. Qe2 O-O-O 11. a4 h5 12. a5 Rde8 13. c4 Nxd2 14. Bxd2
dxc4 15. Bxc4 f4 16. O-O g5 17. b4 g4 18. Qd3 f3 19. e4 fxg2 20. Kxg2 Qh4 21.
e5 Nxe5 22. Qf5+ Kb8 23. dxe5 Bxe5 24. Bf4 Bxa1 25. Rxa1 Qh3+ 26. Kg1 Qc3 27.
Rc1 Re1+ 28. Rxe1 Qxe1+ 29. Kg2 Qe7 30. Qe5 Qxe5 31. Bxe5 Re8 32. Bc3 Re7 33.
Kg3 b6 34. axb6 cxb6 35. Kh4 Kc8 36. Kxh5 f5 37. Kg6 f4 38. Kf5 g3 39. hxg3
fxg3 40. fxg3 Re3 41. Be6+ Kb7 42. Be5 Kc6 43. g4 Kb5 44. Bd6 Re1 45. g5 Rf1+
46. Kg6 a5 47. bxa5 bxa5 48. Be5 a4 49. Bf5 a3 50. Bd3+ 1-0

[Event "DEM U12 2019"]
[Site "Willingen GER"]
[Date "2019.06.14"]
[Round "8"]
[White "Morczynski, Joachim"]
[Black "Meuer, David"]
[Result "0-1"]
[Termination "normal"]
[Board "18"]
[WhiteElo "1733"]
[BlackElo "1549"]
[PlyCount "62"]
[WhiteFideId "16209745"]
[BlackFideId "16262964"]
[EventCountry "GER"]
[EventRounds "9"]
[EventType "swiss"]
[EventDate "2019.06.08"]

1. e4 d5 2. exd5 Qxd5 3. Nc3 Qd8 4. d4 Nf6 5. Bc4 a6 6. Nf3 b5 7. Bb3 c5 8. a4
c4 9. Ba2 b4 10. Ne2 Qc7 11. Bf4 Qc6 12. O-O Bb7 13. Bd2 e6 14. Qe1 a5 15. Nf4
Nbd7 16. d5 Nxd5 17. Nd4 Qa6 18. Nb5 Rc8 19. Nxd5 Bxd5 20. Bf4 Be7 21. Nc7+
Rxc7 22. Bxc7 Qc6 23. Bxa5 Bxg2 24. Qe3 Bxf1 25. Rxf1 O-O 26. Rd1 Ra8 27. Qd4
Rxa5 28. Qxd7 Rg5+ 29. Kf1 Qg2+ 30. Ke1 Re5+ 31. Kd2 Rd5+ 0-1

[Event "DEM U12 2019"]
[Site "Willingen GER"]
[Date "2019.06.14"]
[Round "8"]
[White "Greßler, Christian"]
[Black "Fuhrmann, Bahne"]
[Result "1-0"]
[Termination "normal"]
[Board "19"]
[WhiteElo "1416"]
[BlackElo "1659"]
[PlyCount "69"]
[WhiteFideId "16244907"]
[BlackFideId "16244842"]
[EventCountry "GER"]
[EventRounds "9"]
[EventType "swiss"]
[EventDate "2019.06.08"]

1. e4 e5 2. Nf3 Nc6 3. Bb5 a6 4. Ba4 Nf6 5. d3 b5 6. Bb3 Bc5 7. O-O d6 8. c3
O-O 9. h3 Ba7 10. Re1 Ne7 11. Nbd2 Ng6 12. Nf1 h6 13. Bd2 Nh5 14. Nxe5 Nxe5 15.
Qxh5 Nxd3 16. Re2 Qf6 17. Be3 c5 18. Bd5 Rb8 19. Rd1 Nf4 20. Bxf4 Qxf4 21. e5
Kh7 22. exd6 g6 23. Qe5 Qf5 24. Ng3 Qd7 25. Qe7 Kg7 26. Qe5+ Kh7 27. Qf6 Rb6
28. Bb3 c4 29. Bc2 Bb8 30. Re7 Rxd6 31. Rxd6 Qxd6 32. Rxf7+ Rxf7 33. Bxg6+ Kg8
34. Qxf7+ Kh8 35. Qh7# 1-0

[Event "DEM U12 2019"]
[Site "Willingen GER"]
[Date "2019.06.14"]
[Round "8"]
[White "Bolz, Jannis"]
[Black "Honstein, Michael"]
[Result "1-0"]
[Termination "normal"]
[Board "20"]
[WhiteElo "1618"]
[BlackElo "1378"]
[PlyCount "69"]
[WhiteFideId "16214897"]
[BlackFideId "16287053"]
[EventCountry "GER"]
[EventRounds "9"]
[EventType "swiss"]
[EventDate "2019.06.08"]

1. e4 c5 2. b4 cxb4 3. a3 bxa3 4. Bxa3 Nc6 5. d4 d6 6. Nf3 Bg4 7. c3 g6 8. d5
Ne5 9. Nxe5 Bxd1 10. Bb5+ Qd7 11. Nxd7 a6 12. Nb6+ axb5 13. Nxa8 Ba4 14. Nb6
Bg7 15. Nxa4 bxa4 16. O-O Nf6 17. Nd2 O-O 18. Bb4 b5 19. f3 Nd7 20. Rab1 Ne5
21. Ba5 Rb8 22. c4 Nd3 23. Rxb5 Rxb5 24. cxb5 Bd4+ 25. Kh1 Nf2+ 26. Rxf2 Bxf2
27. b6 a3 28. b7 Ba7 29. Bc7 a2 30. Nb3 Kf8 31. b8=Q+ Bxb8 32. Bxb8 Ke8 33. Ba7
Kd7 34. Bd4 Kc7 35. Nc1 1-0

[Event "DEM U12 2019"]
[Site "Willingen GER"]
[Date "2019.06.14"]
[Round "8"]
[White "Gerdes, Jannes"]
[Black "Kageler, Anton Paul"]
[Result "0-1"]
[Termination "normal"]
[Board "21"]
[WhiteElo "1517"]
[BlackElo "1563"]
[PlyCount "90"]
[WhiteFideId "16254627"]
[BlackFideId "16244850"]
[EventCountry "GER"]
[EventRounds "9"]
[EventType "swiss"]
[EventDate "2019.06.08"]

1. e4 c5 2. Nf3 d6 3. d4 cxd4 4. Nxd4 Nf6 5. Nc3 g6 6. Be3 Bg7 7. f3 O-O 8. Qd2
Nc6 9. O-O-O d5 10. Qe1 e5 11. Nxc6 bxc6 12. exd5 Nxd5 13. Bc4 Be6 14. Ne4 Qc7
15. Bc5 Rfd8 16. Qh4 h6 17. g4 Rd7 18. Qf2 Rad8 19. h4 f5 20. Nc3 Kh8 21. Rdg1
Nf4 22. Bxe6 Nxe6 23. Rd1 Nxc5 24. Qxc5 Rxd1+ 25. Rxd1 Rxd1+ 26. Nxd1 Qd7 27.
gxf5 gxf5 28. c3 h5 29. Kc2 Kh7 30. Ne3 f4 31. Nc4 Qd5 32. Qxd5 cxd5 33. Na5 e4
34. fxe4 dxe4 35. Nc6 f3 36. Kd1 e3 37. Nd4 Bxd4 38. cxd4 Kg6 39. b4 Kf5 40. a4
Ke4 41. b5 Kxd4 42. a5 Kc5 43. b6 axb6 44. a6 Kc6 45. a7 Kb7 0-1

[Event "DEM U12 2019"]
[Site "Willingen GER"]
[Date "2019.06.14"]
[Round "8"]
[White "Brunner, Alexander"]
[Black "Ensslinger, Colin"]
[Result "1-0"]
[Termination "normal"]
[Board "22"]
[WhiteElo "1539"]
[BlackElo "1690"]
[PlyCount "57"]
[WhiteFideId "12965278"]
[BlackFideId "16226011"]
[EventCountry "GER"]
[EventRounds "9"]
[EventType "swiss"]
[EventDate "2019.06.08"]

1. d4 b5 2. e4 Bb7 3. f3 a6 4. c4 bxc4 5. Bxc4 d5 6. Qb3 dxc4 7. Qxb7 Nd7 8.
Na3 e5 9. d5 Bxa3 10. bxa3 Ne7 11. Qb4 Nb6 12. Be3 Qd6 13. Bc5 Qg6 14. Ne2 Nec8
15. O-O Rb8 16. f4 Qxe4 17. Nc3 Qg6 18. fxe5 Nd7 19. Qa4 c6 20. Bd6 Nxd6 21.
exd6 cxd5 22. Rae1+ Kd8 23. Qa5+ Nb6 24. Nxd5 Qxd6 25. Rd1 Kc8 26. Qxa6+ Rb7
27. Rxf7 Qc5+ 28. Kh1 Qc6 29. Ne7+ 1-0

[Event "DEM U12 2019"]
[Site "Willingen GER"]
[Date "2019.06.14"]
[Round "8"]
[White "Möller, Maurin"]
[Black "Fink, Moritz"]
[Result "1-0"]
[Termination "normal"]
[Board "23"]
[WhiteElo "1686"]
[BlackElo "1392"]
[PlyCount "45"]
[WhiteFideId "16265696"]
[BlackFideId "16235711"]
[EventCountry "GER"]
[EventRounds "9"]
[EventType "swiss"]
[EventDate "2019.06.08"]

1. e4 e5 2. Nf3 Nc6 3. Bc4 Bc5 4. c3 Nf6 5. d4 exd4 6. e5 Qe7 7. O-O Ng4 8.
cxd4 Bb4 9. a3 Ba5 10. b4 Bb6 11. Bg5 Qf8 12. h3 Nh6 13. d5 Nd8 14. Re1 a5 15.
e6 dxe6 16. Bxd8 Kxd8 17. dxe6+ Qd6 18. Qa4 Bxe6 19. Bxe6 Ke7 20. Bc8+ Kf6 21.
bxa5 Rhxc8 22. Qh4+ g5 23. Qxg5# 1-0

[Event "DEM U12 2019"]
[Site "Willingen GER"]
[Date "2019.06.14"]
[Round "8"]
[White "Hoppstädter, Daniel"]
[Black "Andrade, Ruben"]
[Result "1-0"]
[Termination "normal"]
[Board "24"]
[WhiteElo "1576"]
[BlackElo "1480"]
[PlyCount "89"]
[WhiteFideId "16243625"]
[BlackFideId "16246829"]
[EventCountry "GER"]
[EventRounds "9"]
[EventType "swiss"]
[EventDate "2019.06.08"]

1. d4 d5 2. c4 e6 3. Nc3 Nf6 4. cxd5 exd5 5. Bg5 Nbd7 6. e3 c6 7. Bd3 Qa5 8.
Nge2 Bd6 9. O-O O-O 10. Bf4 Qc7 11. Rc1 Bxf4 12. Nxf4 Qd6 13. Qf3 Re8 14. Bc2
Nb6 15. b3 Bg4 16. Qg3 Qd7 17. h3 Bf5 18. Nd3 Bxd3 19. Bxd3 Rad8 20. Rce1 Qd6
21. Qh4 h6 22. f4 Nc8 23. Rf3 Ne7 24. g4 Nd7 25. Re2 Ng6 26. Qe1 Nb6 27. Rg2
Kh8 28. f5 Nf4 29. Rd2 Nxd3 30. Rxd3 Qf6 31. Rd2 Re7 32. Ne2 Rde8 33. Nf4 Qd6
34. Qg3 Qd8 35. g5 Rg8 36. Qh4 Qd6 37. f6 Re4 38. Rg2 Nd7 39. gxh6 g6 40. h7
Rge8 41. Rxg6 Rd8 42. Rg8+ Rxg8+ 43. hxg8=R+ Kxg8 44. Rg3+ Kf8 45. Qh8# 1-0

[Event "DEM U12 2019"]
[Site "Willingen GER"]
[Date "2019.06.14"]
[Round "8"]
[White "Schreidl, Michael"]
[Black "Krömer, Emanuel"]
[Result "0-1"]
[Termination "normal"]
[Board "26"]
[WhiteElo "1586"]
[BlackElo "1466"]
[PlyCount "120"]
[WhiteFideId "16265750"]
[BlackFideId "16287070"]
[EventCountry "GER"]
[EventRounds "9"]
[EventType "swiss"]
[EventDate "2019.06.08"]

1. e4 d5 2. exd5 Qxd5 3. Nc3 Qa5 4. d4 Nf6 5. Nf3 c6 6. Bc4 Bf5 7. O-O Nbd7 8.
Bf4 h6 9. Re1 e6 10. Ne5 g5 11. Nxd7 Nxd7 12. Be5 Nxe5 13. Rxe5 Qb4 14. Qe2
O-O-O 15. Bb3 Qxd4 16. Rd1 Qb6 17. Na4 Qc7 18. Rxd8+ Kxd8 19. Qd2+ Kc8 20. Re1
Bd6 21. g3 Rd8 22. Qe3 Kb8 23. Rd1 Be7 24. Rxd8+ Qxd8 25. c4 Kc8 26. c5 Qd3 27.
Qxd3 Bxd3 28. Bd1 Kc7 29. b4 b6 30. cxb6+ axb6 31. a3 b5 32. Nb2 Be4 33. Bh5 f5
34. Be2 Kb6 35. Kf1 c5 36. bxc5+ Kxc5 37. Nd3+ Bxd3 38. Bxd3 Kc6 39. Ke1 Bxa3
40. Kd1 g4 41. Kc2 Bc5 42. Bf1 Bxf2 43. Bg2+ Kc5 44. Kb3 b4 45. h3 gxh3 46.
Bxh3 Bxg3 47. Bg2 e5 48. Bf3 e4 49. Be2 f4 50. Kc2 f3 51. Ba6 f2 52. Bf1 e3 53.
Kd3 Bf4 54. Be2 Bg5 55. Bf1 Kd5 56. Be2 Ke5 57. Kc4 Kf4 58. Kxb4 Kg3 59. Bf1
Kh2 60. Kc3 Kg1 0-1

[Event "DEM U12 2019"]
[Site "Willingen GER"]
[Date "2019.06.14"]
[Round "8"]
[White "Werner, Florin"]
[Black "Wessel, Daniel"]
[Result "1/2-1/2"]
[Termination "normal"]
[Board "27"]
[WhiteElo "1288"]
[BlackElo "1501"]
[PlyCount "43"]
[WhiteFideId "16250230"]
[BlackFideId "16244982"]
[EventCountry "GER"]
[EventRounds "9"]
[EventType "swiss"]
[EventDate "2019.06.08"]

1. e4 e6 2. Nf3 d5 3. Nc3 c5 4. exd5 exd5 5. d4 Be6 6. Bf4 a6 7. Be2 h6 8. Ne5
Nf6 9. O-O Bd6 10. Re1 O-O 11. Bf3 c4 12. Qd2 Nbd7 13. Ng6 fxg6 14. Bxd6 Re8
15. Re2 Qb6 16. Ba3 Bf7 17. Rae1 Rxe2 18. Rxe2 Nb8 19. Na4 Qc7 20. Nc5 Nc6 21.
Ne6 Bxe6 22. Rxe6 1/2-1/2

[Event "DEM U12 2019"]
[Site "Willingen GER"]
[Date "2019.06.14"]
[Round "8"]
[White "Pfeffer, Samuel"]
[Black "Langen, Sebastian"]
[Result "1-0"]
[Termination "normal"]
[Board "28"]
[WhiteElo "1333"]
[BlackElo "1167"]
[PlyCount "37"]
[WhiteFideId "16249160"]
[BlackFideId "16287088"]
[EventCountry "GER"]
[EventRounds "9"]
[EventType "swiss"]
[EventDate "2019.06.08"]

1. d4 d5 2. c4 e5 3. dxe5 d4 4. Nf3 Bb4+ 5. Nbd2 Bg4 6. a3 Be7 7. g3 Nc6 8. Bg2
Qd7 9. O-O Bg5 10. Nxg5 Nge7 11. Ngf3 O-O 12. Ne4 Ng6 13. Nc5 Qc8 14. Nxd4
Ncxe5 15. Nxb7 Rb8 16. Na5 Rd8 17. c5 Qa6 18. Qa4 Bd7 19. c6 1-0